Statistiken für Stadt zu Land #30

Klicken Sie hier um das Quiz zu spielen!

Allgemein

  • Dieses Quiz wurde 112 mal gespielt
  • Das Durchschnittsergebnis liegt bei 10 aus 16

Antwortstatistiken

StadtLand% Korrekt
GrazÖsterreich
97%
NewcastleVereinigtes Königreich
97%
LausanneSchweiz
91%
BuffaloVereinigte Staaten
91%
EsbjergDänemark
86%
WindhoekNamibia
77%
AccraGhana
71%
OuluFinnland
58%
MostarBosnien und Herzegowina
51%
Cluj-NapocaRumänien
51%
MashhadIran
50%
BusanSüdkorea
50%
BelmopanBelize
49%
ChibaJapan
40%
LubumbashiDR Kongo
21%
KorceAlbanien
16%

Verteilung der Resultate

Perzentil nach korrekt beantworteten Fragen

Anzahl Personen mit jedem Resultat

Ihre Resultats-Entwicklung

Sie haben dieses Quiz noch nicht gespielt